Winners of the European Rugby Champions Cup. (1996 - …) - Statistics

General Stats
  • This quiz has been taken 175 times
    16 since last reset
  • The average score is 11 of 14
Answer Stats
Wins Winners % Correct
2009 | 2011 | 2012 | 2018 Leinster
93%
2006 | 2008 Munster
93%
1996 | 2003 | 2005 | 2010 | 2021 | 2024 Stade toulousain
93%
2000 Northampton Saints
86%
2016 | 2017 | 2019 Saracens
86%
1999 Ulster
79%
2022 | 2023 Stade rochelais
79%
2025 Union Bordeaux Bègles
79%
1998 Bath rugby
71%
2013 | 2014 | 2015 RC Toulon
71%
2020 Exeter Chiefs
71%
2001 | 2002 Leicester Tigers
64%
2004 | 2007 London Wasps
64%
1997 CA Brive
64%
No matching quizzes found
Score Distribution
Percent of People with Each Score
Percentile by Number Answered
Your Score History
You have not taken this quiz since the last reset